| 000 | 00332nam a22001337a 4500 | ||
|---|---|---|---|
| 003 | OSt | ||
| 005 | 20231128160752.0 | ||
| 008 | 231128b |||||||| |||| 00| 0 eng d | ||
| 040 | _cCO-JMCR | ||
| 082 |
_aC / _bGILt |
||
| 100 |
_aGilbert Trinitat _eautor _943003 |
||
| 245 |
_aChim y el tiramisù / _cTrinitat Gilbert |
||
| 942 |
_2ddc _cBK |
||
| 999 |
_c30422 _d16806 |
||